|
|
|
|
| LEADER |
00952nam a2200301 a 4500 |
| 001 |
000014773 |
| 003 |
CZ BrMZK |
| 005 |
20190913071147.0 |
| 007 |
ta |
| 008 |
930723s1993 xr f cze d |
| 015 |
|
|
|a cnb000080866
|
| 020 |
|
|
|a 80-237-0181-9
|c 9.90
|
| 040 |
|
|
|a BOA001
|b cze
|
| 080 |
|
|
|a 885.0-312.5
|2 MRF
|
| 100 |
1 |
|
|a Křížová, Marie
|7 jx20071205047
|
| 245 |
1 |
0 |
|a Ženy statečných srdcí /
|c Lit. a jaz. úpr. Růžena Kamenická
|
| 250 |
|
|
|a 2. vyd.
|
| 260 |
|
|
|a Praha :
|b I. Železný,
|c 1993
|
| 300 |
|
|
|a 58 s.
|
| 490 |
1 |
|
|a Cesta za štěstím ;
|v 88 (28/93)
|
| 490 |
1 |
|
|a Knihovnička Večerů pod lampou ;
|v 528
|
| 700 |
1 |
|
|a Kamenická, Růžena
|7 mzk2010596579
|
| 830 |
|
0 |
|a Cesta za štěstím
|
| 830 |
|
0 |
|a Knihovnička Večerů pod lampou
|
| 910 |
|
|
|a BOA001
|b 1-0991.541
|
| 962 |
|
|
|a 885.0-31
|
| 990 |
|
|
|a BK
|
| 996 |
6 |
|
|b 2610001744
|c 1-0991.541
|l MZK
|r Sklad / do 1 hodiny
|n 2
|p p.v.
|w 000014773
|u 000010
|a 1
|e BOA001
|j MZK50
|s P
|